| 000 | 00625nam a22001817a 4500 | ||
|---|---|---|---|
| 003 | 0 | ||
| 005 | 20250830114839.0 | ||
| 008 | 250830b xxu||||| |||| 00| 0 eng d | ||
| 020 | _a978-1-032-13753-7 | ||
| 050 |
_aGV 716 _b.A38 2022 |
||
| 245 |
_aAdvanced theory and practice in sport marketing / _cEric C. Schwarz, Kyle J. Brannigan, Kevin P. Cattani, and Jason D. Hunter. |
||
| 250 | _aFourth edition. | ||
| 260 |
_aNew York, NY : _bRoutledge, _c2022. |
||
| 300 |
_axxv, 309 pages : _billustrations ; _c25 cm. |
||
| 504 | _aIncludes bibliographical references and index. | ||
| 650 |
_aSports _xMarketing. |
||
| 942 |
_2lcc _cBK |
||
| 999 |
_c367716 _d367716 |
||